| 000 | 01015cgm a2200337 4500 | ||
|---|---|---|---|
| 001 | E2756 | ||
| 008 | 090401t1997 xxu||||| |||| 00| 0 eng d | ||
| 035 | _a(Sirsi) u40769 | ||
| 041 | _aeng | ||
| 050 | _a690.241 | ||
| 100 | _aRedman, Colin | ||
| 245 | _aBuilding conservation 1996 (sound recording). | ||
| 260 |
_aLondon _bRICS _c1997 |
||
| 300 | _a1 sound cassette (60 min.) | ||
| 350 | _a12 | ||
| 490 | _aOwlion Audio Programme | ||
| 520 | _aA new Owlion audio tape which concentrates on funding, valuation and the economics, survey and specification of building repairs. | ||
| 650 | _aAUDIO CASSETTES | ||
| 650 | _aBUILDING CONSERVATION | ||
| 650 | _aHISTORIC BUILDINGS | ||
| 690 | _aCONSERVATION | ||
| 700 | _aBoniface, Stephen | ||
| 700 | _aChard, Gordon | ||
| 700 | _aDrury, Paul | ||
| 700 | _aEarl, John | ||
| 700 | _aRedman, Tony | ||
| 710 |
_aRoyal Institution of Chartered Surveyors _94900 |
||
| 710 |
_aCollege of Estate Management _9400 |
||
| 942 | _n0 | ||
| 948 | _c04/03/1997 | ||
| 999 |
_c85239 _d85239 |
||